=LDR 00000nam 2200000 4500 =001 INLIS00000000000099 =005 20260702043538 =020 ##$$a 978-623-323-289-0 =082 ##$$a 616.994 =100 1#$$a Riski, Fariz =245 1 $$a Seri Kesehatan Kanker Jenis Faktor Resiko Pencegahan Dan Pengobatan Herbal /$c Fariz Riski =300 ##$$a 160 ; 14 x 20